| 000 | 01103nam a2200265Ia 4500 | ||
|---|---|---|---|
| 003 | OSt | ||
| 005 | 20220923211554.0 | ||
| 006 | a|||||r|||| 00| 0 | ||
| 007 | ta | ||
| 008 | 220922b |||||||| |||| 00| 0 san d | ||
| 020 |
_a9789385539411 (hbk) _c650 |
||
| 024 | _a354,619 | ||
| 037 |
_b153/1, 23/12/2021, Vidyanidhi Prakashan _cTextual |
||
| 040 |
_aARTS _cARTS _bsan |
||
| 041 |
_2san _asan |
||
| 082 | _aY:1.2, 152Q0 | ||
| 100 |
_aशास्त्री, धर्मेन्द्र, ले. _9160817 |
||
| 245 | 0 | _aभारतीय संस्कति के प्रतीक* ज्वलन्त प्रश्न, समाधान | |
| 246 | _aBhāratīya sanskati ke pratīka: jvalanta prashna, samādhāna | ||
| 260 |
_aदिल्ली _b विद्यानिधि प्रकाशन _c2020 |
||
| 300 |
_a303पृ0 _ccm. |
||
| 650 | _aसमाजशास्त्र | ||
| 942 |
_hY:1.2, 152Q0 _cTEXL _2CC |
||
| 999 |
_c300889 _d300889 |
||